Nascar One Win Wonders - Statistics

General Stats
  • This quiz has been taken 25 times
  • The average score is 4 of 10
Answer Stats
Race Answer % Correct
2011 Daytona 500 Trevor Bayne
88%
2011 Brickyard 400 Paul Menard
83%
2011 Southern 500 Regan Smith
67%
2007 Coca-Cola 600 Casey Mears
50%
1967 Daytona 500 Mario Andretti
50%
1990 First Union 400(North Wilkesboro) Brett Bodine
33%
2000 Napa 500(Atlanta) Jerry Nadeau
29%
2002 Pop Secret 400(Rockingham) Johnny Benson
29%
1988 TranSouth 500 (Darlington) Lake Speed
13%
1986 Talladega 500 Bobby Hillin
4%
No matching quizzes found
Score Distribution
Percent of People with Each Score
Percentile by Number Answered
Your Score History
You have not taken this quiz